| 000 | 01582nam a2200349 4500 | ||
|---|---|---|---|
| 001 | 120 | ||
| 003 | OSt | ||
| 005 | 20250528074012.0 | ||
| 008 | 250127b |||||||g |||| 00| 1 eng d | ||
| 040 | _bpor | ||
| 041 |
_heng _apor |
||
| 082 |
_a823 _bC555a |
||
| 100 | 1 |
_aChristie, Agatha, _d1890-1976 _9268 |
|
| 240 | _aMurder at the Vicarage | ||
| 245 |
_aAssassinato na casa do pastor / _cChristie, Agatha ; Tradução de Edna Jansen de Mello |
||
| 260 |
_aRio de Janeiro _bRecord _c1987 |
||
| 300 | _a239 p. | ||
| 490 | 1 | _aMiss Marple | |
| 520 | _aSt. Mary Mead. Um pacato vilarejo onde há quinze anos năo ocorre um homicídio e onde as pessoas discutem a vida alheia tomando chá. Quando um sangrento crime acontece em plena casa do pastor, o alvoroço é grande. O arrogante inspetor Slack é escalado para investigar o caso. O mistério também intriga uma discreta moradora que gosta de jardinagem e de observar pássaros de binóculo, mas cujo principal hobby é o estudo do comportamento humano: Miss Marple. A estreia da sagaz velhinha, o aparecimento de personagens inusitados e a engenhosidade da trama fazem deste romance de 1930 um dos clássicos de Agatha Christie. | ||
| 650 | 0 |
_aLiteratura Inglesa _989 |
|
| 650 | 0 |
_aRomance Policial _911 |
|
| 650 | 0 |
_aSuspense _910 |
|
| 650 | 0 |
_aMistério _942 |
|
| 650 | 0 |
_aCrime e Investigação _913 |
|
| 650 | 0 |
_aClássicos _977 |
|
| 650 | 0 |
_aFilme _926 |
|
| 655 | 0 |
_aRomance _923 |
|
| 655 | 0 |
_aFicção _922 |
|
| 700 |
_aEdna Jansen de Mello _eTradutor _9269 |
||
| 830 |
_aMiss Marple _9276 |
||
| 942 |
_2ddc _n0 _cBK |
||
| 999 |
_c120 _d120 |
||